000
00270nam a2200097Ia 4500
001
1221314
005
20250827092827.0
008
250824s9999 xx 000 0 und d
245
0
_a
DİNİ KONULARDA KENDİNİ KANDIRMANIN 40 YOLU
_c
EMRE DORMAN
260
_b
NESİL YAYINEVİ
999
_c
1221314
_d
1221314